000 00450pab a2200145 454500
008 180718b1990 xxu||||| |||| 00| 0 eng d
100 _aHoogerwerf, Andries
245 _aPolicy and time
_bConsequences of time perspectives for the contents, processes and effects of public policies
260 _c1990
300 _a671-92
362 _aDec.
650 _aPublic Policy
773 _aInternational Review of Administrative Sciences
909 _a16682
999 _c16682
_d16682